Sportarten mit "J" - Statistiken

Allgemein
  • Dieses Quiz wurde 55 mal gespielt
  • Das Durchschnittsergebnis liegt bei 3 aus 15
Antwortstatistiken
Art Sportart % Korrekt
Kampfsport Judo
91%
Jagen & Schießen Jagdsport
85%
Lauf & Ausdauer Joggen
51%
Kampfsport Jiu-Jitsu
45%
Geschicklichkeit Jonglieren
43%
Kampfsport Ju-Jutsu
11%
Torspiel Jugger
4%
Mehrkampfsport Jahn-Wettkämpfe
2%
Rückschlagspiel Jai Alai
2%
Denksport & Karten Jass
2%
Präzisionssport Jeu de palets
0%
Rückschlagspiel Jeu de Paume
0%
Präzision & Kugeln Jeu Provençal
0%
Kampfsport Jogo do pau
0%
Werfen Jukskei
0%
Keine übereinstimmenden Quizze gefunden
Verteilung der Resultate
Anzahl Personen mit jedem Resultat
Perzentil nach korrekt beantworteten Fragen
Ihre Resultats-Entwicklung
Sie haben dieses Quiz noch nicht gespielt